000 02075cam a22004334i 4500
003 PE-LiUPU
005 20250731183435.0
008 150706s r 000 0 d
020 _a9788496969025
035 _a(Sirsi) i9788496969025
040 _aPE-LiUPU
_bspa
_cPE-LiUPU
_erda
049 _aPRUA
082 0 4 _a720.22
_bO84
_221
100 1 _aOswald, Ansgar,
_d1960- ,
_eautor.
245 1 0 _aMaquetas de arquitectura /
_cAnsgar Oswald ; editor Uta Keil ; traducción de Diana Arias.
264 1 _aBarcelona :
_bLinks Internacional,
_c2008 .
300 _a247 páginas :
_bbilustraciones ;
_c29 cm.
336 _atext
_2rdacontent
337 _aunmediated
_2rdamedia
338 _avolume
_2rdacarrier
500 _aTraducción de: Architectural models.
505 0 _aEstructura original la naturaleza de las maquetas arquitectónicas -- Proyectos -- Tilman Burgert -- Dieter Collen -- Robert endres -- Stephan Fleig and Andreas Fofana -- Bernd Grimm -- Frieder Grüne -- Rüdiger Hammerschmidt -- Wolfgang Hannemann -- Hauke helmer and Ulrich Mangold -- Siegi Jarnig -- Michael Kropt -- Burkhard Lüdtke -- Helmut M -- Lutsch -- Julia Missner and Lars Lämmeerhirt -- Christian Axel Monath and Klaus Menzel -- Gerhard Stocker -- Gerhard Vana -- Christian Werner.
526 _aP158
526 _aP146
526 _aP17
526 _aP12
526 _aP06
541 _g004-000769;
650 0 4 _aMaquetas (Arquitectura).
650 0 4 _aArquitectura moderna
_ySiglo XXI.
700 1 _aKeil, Uta,
_eed.
700 1 _aArias, Diana,
_etr.
910 _afsr
_bjv
_cjck
_d20130225
942 _2ddc
_cBOOK
949 _a720.22 O84
_wDEWEY
_c1
_i66300
_lCCODEBUL1
_mBUL
_p36.00
_r0
_sY
_tBOOK
_u2015-7-6
_xINGENIERIA
_PP06
_o.STAFF. Colección General
994 _aC0
_bPEPRU
596 _a1
999 _a720.22 O84
_wDEWEY
_c54558
_i66300
_d54558
_e2022-5-4
_f2021-11-9
_g6
_lCCODEBUL1
_mBUL
_n14
_p36.00
_q2
_r0
_sY
_tBOOK
_u2015-7-6
_xINGENIERIA
_PP06
_0COMPRA
_o.STAFF. Colección General
980 _81
_gALBERTO SANCHEZ Responsable de Automatización